000 00709nam a2200217Ii 4500
003 JO-AjNU
008 230605s9999||||xx |||||||||||||| ||und||
017 _a1998/3/430
040 _aJO-AjNU
_bara
_erda
_cJO-AjNU
041 _aara
050 1 4 _aPJ6074.A2882 1998
100 3 _aتاليف أبو مغلي،سميح,
_eauthor
_910302
245 0 0 _aالكلام المعرب في قواميس العرب
250 _aط1
264 3 1 _aعمان: دار الفكر للنشر، 1998
300 _a90ص
336 _atext
_btxt
_2rdacontent
337 _aunmediated
_bn
_2rdamedia
338 _avolume
_bnc
_2rdacarrier
650 4 _aاللغات-اللغة العربية-الكلمات الدخيلة
_910303
999 _aA1738
_c5306
_d5306